[Event "2024 British Rapidplay Championship"]
[Site "Holiday Inn Peterborough - West"]
[Date "2024.03.02"]
[Round "3.100"]
[White "Mouskos, Mia"]
[Black "Ashcroft, Ben"]
[Result "1-0"]
[WhiteFideId "488380"]
[BlackFideId "343440916"]
[WhiteElo "1539"]
[BlackElo "1376"]
[EventDate "2024.03.02"]

1. e4 e5 2. Nf3 Nc6 3. d4 exd4 4. Nxd4 Qf6 5. c3 Bc5 6. Be3 d6 7. Bc4 Nge7 8. O-O
O-O 9. Nxc6 Nxc6 10. Bxc5 dxc5 11. f4 Re8 12. Qf3 a6 13. a4 Be6 14. Bd3 c4 15. e5
Qe7 16. Be4 Qc5+ 17. Kh1 Bd7 18. Na3 b5 19. Rad1 Rad8 20. Rxd7 Rxd7 21. Bxc6 Red8
22. Bxd7 Rxd7 23. Qa8+ Qf8 24. Qxf8+ Kxf8 25. axb5 axb5 26. Nxb5 Rd2 27. Nxc7 Rxb2
28. h3 Rc2 29. Nd5 Ke8 30. Rd1 g6 31. Rd4 Kf8 32. Rxc4 Kg7 33. Rc7 Rd2 34. c4 Rd4
35. e6 Rd1+ 36. Kh2 Re1 37. Rxf7+ Kg8 38. Nf6+ Kh8 39. Rxh7# 1-0

[Event "2024 British Rapidplay Championship"]
[Site "Holiday Inn Peterborough - West"]
[Date "2024.03.02"]
[Round "4.1"]
[White "Gormally, Daniel W"]
[Black "Willow, Jonah B"]
[Result "1/2-1/2"]
[WhiteFideId "406465"]
[BlackFideId "438804"]
[WhiteElo "2463"]
[BlackElo "2295"]
[EventDate "2024.03.02"]

1. d4 Nf6 2. Nf3 c5 3. d5 b5 4. Bg5 b4 5. Bxf6 exf6 6. e4 g6 7. Nbd2 Bg7 8. Bd3 d6
9. Bb5+ Nd7 10. Nc4 Qc7 11. O-O O-O 12. a3 Nb6 13. Nfd2 f5 14. axb4 cxb4 15. Nxb6
Qxb6 16. Bc6 Ba6 17. Bxa8 Bxf1 18. Qxf1 Rxa8 19. Nc4 Qc5 20. Ra5 Qc7 21. Ra6 fxe4
22. b3 Rd8 23. Qe1 Qb7 24. Rc6 Qe7 25. Qxb4 Bd4 26. Qd2 Bg7 27. Qf4 Bf8 28. h4 h5
29. g3 Kh7 30. Qg5 f6 31. Qe3 Bh6 32. Qd4 f5 33. Qc3 f4 34. Nd2 e3 35. Rc7 Rd7 36.
Rxd7 Qxd7 37. Ne4 exf2+ 38. Kxf2 fxg3+ 39. Kg2 Bg7 40. Qxg3 Qf5 41. Qf3 Qe5 42. Ng5+
Kg8 43. Qf7+ Kh8 44. Kf1 Qa1+ 45. Ke2 Qe5+ 46. Kf1 Qa1+ 47. Ke2 1/2-1/2

[Event "2024 British Rapidplay Championship"]
[Site "Holiday Inn Peterborough - West"]
[Date "2024.03.02"]
[Round "4.2"]
[White "Boswell, Jacob Connor"]
[Black "Han, Yichen"]
[Result "0-1"]
[WhiteFideId "427110"]
[BlackFideId "1054430"]
[WhiteElo "2031"]
[BlackElo "2334"]
[EventDate "2024.03.02"]

1. d4 d5 2. c4 c6 3. cxd5 cxd5 4. Nc3 Nc6 5. Bf4 e5 6. dxe5 d4 7. Ne4 Qa5+ 8. Nd2
Nge7 9. e4 Ng6 10. Bg3 Ngxe5 11. h3 Qb6 12. f4 Nd7 13. Ngf3 Be7 14. Bc4 O-O 15. O-O
Qxb2 16. Rb1 Qa3 17. Rb3 Qa5 18. Rb5 Qd8 19. e5 Nc5 20. Nb3 Ne4 21. Be1 Nc3 22. Bxc3
dxc3 23. Qc2 a6 24. Rd5 Qb6+ 25. Kh1 Nb4 26. Qe4 Nxd5 27. Bxd5 Be6 28. f5 Bxd5 29.
Qxd5 Qb5 30. Qd1 c2 31. Qe1 Rfd8 32. Nfd4 Qd3 33. f6 gxf6 34. exf6 Bf8 35. Qf2 Rac8
36. Kh2 c1=Q 37. Nxc1 Qxd4 38. Qg3+ Kh8 39. Rf4 Qxf4 0-1

[Event "2024 British Rapidplay Championship"]
[Site "Holiday Inn Peterborough - West"]
[Date "2024.03.02"]
[Round "4.3"]
[White "Roberson, Peter T"]
[Black "Kanyamarala, Tarun"]
[Result "0-1"]
[WhiteFideId "412384"]
[BlackFideId "45004714"]
[WhiteElo "2401"]
[BlackElo "2266"]
[EventDate "2024.03.02"]

1. e4 c5 2. Be2 Nc6 3. f4 g6 4. Nf3 Bg7 5. O-O d6 6. d3 Nf6 7. Qe1 O-O 8. a4 Rb8
9. Qh4 e6 10. c3 a6 11. e5 Nd5 12. Qg3 b5 13. axb5 axb5 14. Kh1 b4 15. d4 bxc3 16.
Nxc3 cxd4 17. Ne4 dxe5 18. fxe5 Ne3 19. Bxe3 dxe3 20. Rad1 Qc7 21. Qh4 Nxe5 22. Nf6+
Bxf6 23. Qxf6 Ng4 24. Qh4 Nf2+ 25. Kg1 Nxd1 26. Bxd1 Rxb2 27. Ng5 f6 28. Ne4 g5 29.
Qe1 Qb6 30. Kh1 Qd4 31. Bf3 Bb7 32. Qc1 e2 33. Re1 Bxe4 34. Bxe4 Rd2 35. Bf3 Rd8
36. Qc6 Qd6 37. Qc3 Rd1 38. Bxe2 Rxe1+ 39. Qxe1 Qd2 40. Qf1 Rc8 41. Qxf6 Qe1+ 42.
Bf1 Rf8 43. Qxg5+ Kh8 44. Qe5+ Qxe5 0-1

[Event "2024 British Rapidplay Championship"]
[Site "Holiday Inn Peterborough - West"]
[Date "2024.03.02"]
[Round "4.4"]
[White "Mirzoeva, Elmira"]
[Black "Ledger, Andrew J"]
[Result "0-1"]
[WhiteFideId "4127951"]
[BlackFideId "400610"]
[WhiteElo "2206"]
[BlackElo "2376"]
[EventDate "2024.03.02"]

1. Nf3 Nf6 2. b3 g6 3. Bb2 Bg7 4. c4 O-O 5. g3 c6 6. Bg2 d5 7. O-O Re8 8. d4 Ne4
9. Nbd2 Bf5 10. Nh4 Nxd2 11. Qxd2 Be6 12. Rac1 a5 13. f4 f5 14. Nf3 Kh8 15. Qe3 Bg8
16. Ne5 Nd7 17. h3 a4 18. c5 axb3 19. Qxb3 Nxe5 20. fxe5 Qd7 21. Bc3 g5 22. Bd2 h6
23. Rb1 Rab8 24. a4 Be6 25. a5 Qc8 26. Qc3 Qc7 27. Rb6 Ra8 28. Rfb1 Bc8 29. e3 Rg8
30. Bf1 h5 31. Be2 h4 32. g4 e6 33. Qa3 Kh7 34. Qa4 Bxe5 35. dxe5 Qxe5 36. Bf1 Qg3+
37. Bg2 e5 38. Rxb7+ Bxb7 39. Rxb7+ Rg7 40. Rxg7+ Kxg7 41. Qxc6 Rf8 42. gxf5 Rxf5
43. Qd7+ Rf7 44. Qxd5 g4 45. Bc3 Qxe3+ 46. Kh1 Qc1+ 0-1

[Event "2024 British Rapidplay Championship"]
[Site "Holiday Inn Peterborough - West"]
[Date "2024.03.02"]
[Round "4.5"]
[White "Gasanov, Eldar"]
[Black "Toma, Katarzyna"]
[Result "1-0"]
[WhiteFideId "14104466"]
[BlackFideId "1119907"]
[WhiteElo "2391"]
[BlackElo "2122"]
[EventDate "2024.03.02"]

1. d4 Nf6 2. c4 g6 3. Nc3 d5 4. Bf4 Bg7 5. e3 c5 6. dxc5 Qa5 7. Rc1 dxc4 8. Bxc4
Qxc5 9. Bb3 O-O 10. Nf3 Nc6 11. O-O Qh5 12. h3 Na5 13. Nd5 Nxd5 14. Bxd5 e6 15. Be4
Bxb2 16. Rc7 Nc6 17. Qc2 Bg7 18. Rb1 Qa5 19. Bxc6 bxc6 20. Bd6 Rd8 21. Rxc6 Bd7 22.
Bc7 Qf5 23. Qxf5 gxf5 24. Rd6 Bf8 25. Rd2 1-0

[Event "2024 British Rapidplay Championship"]
[Site "Holiday Inn Peterborough - West"]
[Date "2024.03.02"]
[Round "4.6"]
[White "Khoury, Theo"]
[Black "Davtyan, Artur"]
[Result "0-1"]
[WhiteFideId "480703"]
[BlackFideId "13308327"]
[WhiteElo "1968"]
[BlackElo "2416"]
[EventDate "2024.03.02"]

1. e4 e5 2. Nf3 Nc6 3. d4 exd4 4. Nxd4 Qf6 5. Nf3 Bb4+ 6. c3 Bc5 7. Be2 Nge7 8. O-O
h6 9. Qc2 d6 10. b4 Bb6 11. Bb2 Ne5 12. Nxe5 dxe5 13. Nd2 Ng6 14. Nc4 Nf4 15. Bc1
O-O 16. a4 c6 17. Nxb6 axb6 18. Be3 Qg6 19. Bxf4 exf4 20. Qd3 Be6 21. e5 Qg5 22.
Qd4 Rad8 23. Qxb6 Bh3 24. g3 Bxf1 25. Bxf1 Qxe5 26. Rc1 Rd7 27. b5 cxb5 28. Qxb5
Qc7 29. Bg2 Rfd8 30. Be4 g6 31. Kg2 b6 32. Rb1 Qxc3 33. Qxb6 Rd4 34. a5 R8d6 35.
Qb8+ Kg7 36. Rb5 fxg3 37. hxg3 Rf6 38. Qe5 Qd2 39. Bf3 Rd3 40. Rb2 Qc1 41. Be2 Rdd6
42. Rb6 Rxb6 43. axb6 Qb1 44. Bb5 Qc2 45. Qd4 Qb3 46. Qc5 Qf3+ 47. Kg1 Qb7 48. Bd3
Qxb6 49. Qc2 Qd4 50. Kg2 h5 51. Qe2 h4 52. Bc2 h3+ 0-1

[Event "2024 British Rapidplay Championship"]
[Site "Holiday Inn Peterborough - West"]
[Date "2024.03.02"]
[Round "4.7"]
[White "Nawalaniec, Adam"]
[Black "Royal, Shreyas"]
[Result "0-1"]
[WhiteFideId "21023786"]
[BlackFideId "448869"]
[WhiteElo "1977"]
[BlackElo "2331"]
[EventDate "2024.03.02"]

1. e4 c5 2. Nf3 d6 3. c4 Bg4 4. Be2 Nc6 5. Nc3 g6 6. O-O Bg7 7. d3 Nf6 8. Be3 Nd7
9. Nd2 Bxe2 10. Qxe2 O-O 11. f4 Nd4 12. Bxd4 cxd4 13. Nb5 a6 14. Na3 Rb8 15. Nf3
e5 16. Rac1 Bh6 17. g3 exf4 18. g4 Ne5 19. h3 b5 20. cxb5 axb5 21. Nc2 Qb6 22. a3
Bg7 23. Nb4 Rbc8 24. Kh1 Qa7 25. Rc2 Rxc2 26. Nxc2 Nxf3 27. Qxf3 Rc8 28. Nb4 g5 29.
Qe2 Be5 30. Kg2 Qa4 31. Kf3 Qb3 32. Qd2 Kg7 33. Rc1 Rxc1 34. Qxc1 Qe6 35. Nd5 h5
36. Qg1 Qc8 37. Nb4 Kh6 38. Qd1 Kg6 39. Qg1 hxg4+ 40. hxg4 Qh8 41. Qg2 Qh4 42. Nc2
Kf6 43. b3 Ke6 44. a4 bxa4 45. bxa4 Qh8 46. Nb4 Kd7 47. a5 Qb8 48. Qb2 f5 49. Qb3
fxe4+ 50. dxe4 Qh8 51. Qf7+ Kc8 52. Qe6+ Kb8 53. Nc6+ Kc7 54. Nxe5 Qxe5 55. Qc4+
Qc5 56. Qf7+ Kb8 57. a6 Qa3+ 58. Kf2 Qe3+ 59. Kf1 Qf3+ 60. Kg1 Qxg4+ 61. Kh1 Qd1+
62. Kh2 Qe2+ 63. Kg1 Qe3+ 64. Kf1 Qd3+ 65. Kg1 Qxe4 66. Qf8+ Ka7 67. Qxd6 f3 68.
Qc5+ Kxa6 69. Qc8+ Kb5 70. Qb8+ Kc4 71. Qc8+ Kd3 72. Qa6+ Ke3 73. Qa3+ Kf4 74. Qf8+
Kg3 75. Qd6+ Qf4 0-1

[Event "2024 British Rapidplay Championship"]
[Site "Holiday Inn Peterborough - West"]
[Date "2024.03.02"]
[Round "4.8"]
[White "Verbytski, Oleg"]
[Black "Hebden, Mark L"]
[Result "1/2-1/2"]
[WhiteFideId "495506"]
[BlackFideId "400084"]
[WhiteElo "1894"]
[BlackElo "2436"]
[EventDate "2024.03.02"]

1. e4 e5 2. Nf3 Nc6 3. Nc3 Nf6 4. d4 exd4 5. Nxd4 Bb4 6. Nxc6 bxc6 7. Bd3 O-O 8.
O-O d5 9. exd5 cxd5 10. Bg5 c6 11. Qf3 Rb8 12. h3 Re8 13. Ne2 Bd6 14. b3 Be5 15.
Rae1 Bd7 16. Ng3 Qa5 17. Rxe5 Rxe5 18. Bxf6 gxf6 19. Qxf6 Rbe8 20. Bxh7+ Kxh7 21.
Qxf7+ Kh8 22. Qf6+ Kg8 23. Qg6+ 1/2-1/2

[Event "2024 British Rapidplay Championship"]
[Site "Holiday Inn Peterborough - West"]
[Date "2024.03.02"]
[Round "4.9"]
[White "Wells, Peter K"]
[Black "Starley, Robert"]
[Result "1-0"]
[WhiteFideId "400327"]
[BlackFideId "421006"]
[WhiteElo "2440"]
[BlackElo "1944"]
[EventDate "2024.03.02"]

1. d4 Nf6 2. Bg5 d5 3. e3 Bf5 4. Bxf6 exf6 5. Bd3 Bxd3 6. Qxd3 c6 7. c4 Bb4+ 8. Nc3
O-O 9. Nge2 Qd6 10. O-O dxc4 11. Qxc4 Nd7 12. Ng3 Ba5 13. Rac1 Bc7 14. Nb5 cxb5 15.
Qxc7 Qe6 16. Qxb7 Nb6 17. b3 b4 18. Qc6 Rfc8 19. Qxe6 fxe6 20. Ne4 Nd5 21. Rc5 Rxc5
22. Nxc5 Kf7 23. a3 a5 24. Ra1 bxa3 25. Rxa3 Nb6 26. Kf1 Ke7 27. Ke2 Ra7 28. e4 Kd6
29. Rxa5 Rxa5 30. Nb7+ Kc6 31. Nxa5+ Kb5 32. Nb7 Kb4 33. Nd8 Kxb3 34. Nxe6 Kc3 35.
d5 g6 36. d6 Nd7 37. f4 Kc4 38. Ke3 h5 39. g3 Kc3 40. h3 Kc4 41. g4 hxg4 42. hxg4
Kc3 43. g5 fxg5 44. Nxg5 Kc4 45. e5 Kd5 46. e6 Kxd6 47. exd7 Kxd7 48. Ke4 Ke7 1-0

[Event "2024 British Rapidplay Championship"]
[Site "Holiday Inn Peterborough - West"]
[Date "2024.03.02"]
[Round "4.10"]
[White "Jones, Steven A"]
[Black "Southcott-Moyers, Indy"]
[Result "0-1"]
[WhiteFideId "419630"]
[BlackFideId "488542"]
[WhiteElo "2194"]
[BlackElo "1993"]
[EventDate "2024.03.02"]

1. e4 e5 2. Nf3 Nc6 3. Bb5 Nf6 4. O-O Nxe4 5. Re1 Nd6 6. a4 a6 7. Bf1 Be7 8. Nc3
O-O 9. d4 e4 10. Nxe4 Nxe4 11. Rxe4 d5 12. Re1 Bg4 13. c3 Re8 14. Qd3 Qd7 15. Bf4
Bf5 16. Qd2 Bd6 17. g3 Be4 18. Ng5 Bf5 19. Bg2 h6 20. Nf3 Be4 21. Ne5 Bxe5 22. dxe5
Bxg2 23. Kxg2 Rad8 24. a5 d4 25. Rad1 Qd5+ 26. Kg1 Qxa5 27. cxd4 Qxd2 28. Rxd2 Nxd4
29. Kg2 Ne6 30. Be3 Rxd2 31. Bxd2 Rd8 32. Be3 Rd5 33. f4 Rb5 34. Re2 g6 35. g4 Rb4
36. Kg3 Rb3 37. Kf2 c5 38. Rc2 b6 39. f5 gxf5 40. gxf5 Nd4 41. Bxd4 cxd4 42. h4 Rb5
43. Re2 d3 44. Re3 Rxb2+ 45. Kf3 d2 46. Rd3 Rb3 0-1

[Event "2024 British Rapidplay Championship"]
[Site "Holiday Inn Peterborough - West"]
[Date "2024.03.02"]
[Round "4.11"]
[White "Derakhshani, Borna"]
[Black "Fellowes, Billy"]
[Result "1-0"]
[WhiteFideId "12518450"]
[BlackFideId "483540"]
[WhiteElo "2286"]
[BlackElo "1959"]
[EventDate "2024.03.02"]

1. Nf3 d5 2. c4 c6 3. e3 Nf6 4. Nc3 e6 5. d4 Bb4 6. Qb3 Bxc3+ 7. bxc3 O-O 8. Bd3
Nbd7 9. O-O Re8 10. cxd5 exd5 11. c4 Nb6 12. cxd5 cxd5 13. a4 Nbd7 14. a5 Nf8 15.
Ba3 Ne6 16. Rfc1 Ne4 17. Ne5 Qh4 18. Ra2 Nf6 19. Rac2 Ng5 20. f4 Ne6 21. Bb5 Rd8
22. Be7 Bd7 23. Bxd7 1-0

[Event "2024 British Rapidplay Championship"]
[Site "Holiday Inn Peterborough - West"]
[Date "2024.03.02"]
[Round "4.12"]
[White "Badacsonyi, Stanley"]
[Black "Sagues, Vincent"]
[Result "1-0"]
[WhiteFideId "486973"]
[BlackFideId "625680"]
[WhiteElo "2105"]
[BlackElo "1891"]
[EventDate "2024.03.02"]

1. d4 d5 2. Nc3 Nf6 3. Bf4 c6 4. e3 Bf5 5. f3 h6 6. g4 Bh7 7. Bd3 Bxd3 8. Qxd3 e6
9. Nge2 Nbd7 10. h4 Be7 11. O-O-O Qa5 12. g5 Nh5 13. g6 f5 14. e4 fxe4 15. fxe4 O-O-O
16. Qh3 dxe4 17. Qxe6 Nxf4 18. Nxf4 Bb4 19. Nxe4 Rhe8 20. Nd6+ Bxd6 21. Qxd6 Qxa2
22. Qb4 Nf6 23. Rhe1 Nd5 24. Nxd5 Qxd5 25. Re7 c5 26. Qe1 Rxe7 27. Qxe7 Qa2 28. Qxc5+
Kb8 29. Qe5+ Ka8 30. c3 Qa1+ 31. Kc2 Qa4+ 32. Kd2 Re8 33. Qd5 Qa6 34. Re1 Rf8 35.
Qf7 Rc8 36. Re8 Qc6 37. Rxc8+ Qxc8 38. Qxg7 a6 39. Qf6 Qg4 40. g7 Qg2+ 41. Kc1 Ka7
42. Qf7 Qg1+ 43. Kc2 Qf2+ 44. Qxf2 1-0

[Event "2024 British Rapidplay Championship"]
[Site "Holiday Inn Peterborough - West"]
[Date "2024.03.02"]
[Round "4.13"]
[White "Moreby, James E"]
[Black "Leung, Hao Ran"]
[Result "1-0"]
[WhiteFideId "427756"]
[BlackFideId "6012620"]
[WhiteElo "2248"]
[BlackElo "1865"]
[EventDate "2024.03.02"]

1. c4 Nf6 2. Nc3 e6 3. e4 d5 4. e5 d4 5. exf6 dxc3 6. bxc3 Qxf6 7. Nf3 c5 8. d4 cxd4
9. Bd3 h6 10. cxd4 Bb4+ 11. Kf1 Bc3 12. Rb1 Nc6 13. d5 Nb4 14. Rxb4 Bxb4 15. Qa4+
Bd7 16. Qxb4 Qa1 17. Ke2 Qxa2+ 18. Bb2 exd5 19. Ra1 a5 20. Qxb7 Ra7 21. Qb8+ Ke7
22. Qe5+ Kd8 23. Rxa2 Re8 24. Qxe8+ Bxe8 25. cxd5 f6 26. Nd4 Bd7 27. Nc6+ Bxc6 28.
dxc6 Kc7 29. Bd4 Ra8 30. Bb5 Re8+ 31. Be3 f5 32. f4 g5 33. g3 gxf4 34. gxf4 Rg8 35.
Kf3 Ra8 36. Bc5 h5 37. h4 Rd8 38. Be3 Rd5 39. Rxa5 Kb8 1-0

[Event "2024 British Rapidplay Championship"]
[Site "Holiday Inn Peterborough - West"]
[Date "2024.03.02"]
[Round "4.14"]
[White "Cancedda-Dupuis, Livio"]
[Black "Harris, Michael"]
[Result "1/2-1/2"]
[WhiteFideId "499447"]
[BlackFideId "402028"]
[WhiteElo "1960"]
[BlackElo "2233"]
[EventDate "2024.03.02"]

1. d4 Nf6 2. c4 e6 3. Nc3 Bb4 4. Qc2 O-O 5. Nf3 d6 6. a3 Bxc3+ 7. Qxc3 b6 8. Bg5
h6 9. Bh4 Bb7 10. e3 Nbd7 11. Bd3 Qe7 12. Bc2 g5 13. Bg3 Ne4 14. Qd3 f5 15. Nd2 Nxd2
16. Qxd2 Bxg2 17. Rg1 Bf3 18. h4 Rf7 19. hxg5 hxg5 20. Bd1 Bxd1 21. Qxd1 Rg7 22.
Qf3 Rf8 23. O-O-O Nf6 24. Rh1 Ne4 25. Rh6 g4 26. Qg2 Nxg3 27. Qxg3 Rf6 28. Rdh1 Rxh6
29. Rxh6 Rh7 30. Qf4 Rxh6 31. Qxh6 Qf7 32. Qg5+ Kh7 33. Kd2 c5 34. Qh4+ Kg6 35. Qd8
cxd4 36. exd4 d5 37. cxd5 exd5 38. Qd6+ Kg5 39. Qd8+ Kh5 40. Qh8+ Kg5 41. Qd8+ Kh5
42. Qh8+ Kg6 43. Qe5 Kg5 44. Ke3 Kg6 45. Kf4 Qe7 46. Ke3 Qf7 47. Kd2 Kg5 48. Qh8
Kg6 49. Qe5 f4 50. Qd6+ Kg5 51. Qe5+ 1/2-1/2

[Event "2024 British Rapidplay Championship"]
[Site "Holiday Inn Peterborough - West"]
[Date "2024.03.02"]
[Round "4.15"]
[White "Burrows, Martin P"]
[Black "Pink, Joshua"]
[Result "1-0"]
[WhiteFideId "409057"]
[BlackFideId "424790"]
[WhiteElo "2057"]
[BlackElo "1891"]
[EventDate "2024.03.02"]

1. e4 d6 2. d4 f5 3. Nc3 Nf6 4. exf5 Bxf5 5. Bd3 Qd7 6. Nf3 Nc6 7. O-O Nb4 8. Bxf5
Qxf5 9. a3 Nbd5 10. Nxd5 Nxd5 11. c4 Nb6 12. d5 O-O-O 13. Nd4 Qg6 14. b3 Nd7 15.
Ne6 Re8 16. Be3 Ne5 17. Ra2 Nf7 18. Qd4 b6 19. b4 Nd8 20. Nf4 Qf6 21. Qd2 e5 22.
dxe6 Nxe6 23. Nd5 Qf7 24. a4 c6 25. Nc3 Nc7 26. a5 bxa5 27. Rxa5 Qxc4 28. Rxa7 Be7
29. Na4 Qb5 30. Nb6+ Kd8 31. Ra5 1-0

[Event "2024 British Rapidplay Championship"]
[Site "Holiday Inn Peterborough - West"]
[Date "2024.03.02"]
[Round "4.16"]
[White "Mikalajunas, Kajus"]
[Black "Pelling, Kyle"]
[Result "1-0"]
[WhiteFideId "483621"]
[BlackFideId "462942"]
[WhiteElo "2042"]
[BlackElo "1818"]
[EventDate "2024.03.02"]

1. d4 g6 2. e4 Bg7 3. Nf3 c5 4. c3 d5 5. e5 a6 6. dxc5 Nc6 7. Bf4 Bg4 8. Be2 e6 9.
Nbd2 Qc7 10. O-O Nge7 11. Re1 O-O 12. Nd4 Bxe2 13. Qxe2 Nf5 14. N2f3 Nce7 15. b4
b6 16. Nb3 Nc6 17. Qd2 Rfd8 18. g4 Nfe7 19. Bh6 Nxe5 20. Nxe5 Bxe5 21. Qg5 f6 22.
Qe3 Bxh2+ 23. Kg2 e5 24. Kxh2 g5 25. cxb6 Qc4 26. Qf3 Qc6 27. b7 Rab8 28. Nc5 Kh8
29. Rad1 Ng8 30. Qh3 e4 31. Rh1 Qc7+ 32. Kg2 Qf7 33. Rd4 Ne7 34. Qh5 Ng6 35. Kf1
Kg8 36. a4 Qe8 37. Bxg5 fxg5 38. Qxh7+ Kf8 39. Rh6 Rd6 40. Nxe4 Re6 41. Rxd5 Qxa4
42. Rf5+ Ke8 43. Qf7+ Kd8 44. Rd5+ 1-0

[Event "2024 British Rapidplay Championship"]
[Site "Holiday Inn Peterborough - West"]
[Date "2024.03.02"]
[Round "4.17"]
[White "Ashton, Adam G"]
[Black "Brocklehurst, Andrew"]
[Result "1-0"]
[WhiteFideId "410110"]
[BlackFideId "424765"]
[WhiteElo "2345"]
[BlackElo "1896"]
[EventDate "2024.03.02"]

1. e4 c5 2. Nf3 Nc6 3. Bb5 d6 4. O-O Bd7 5. Re1 e6 6. c3 Nf6 7. d4 Qc7 8. Bf4 Be7
9. dxc5 e5 10. cxd6 Bxd6 11. Bg5 O-O-O 12. Nbd2 h6 13. Be3 Ng4 14. Nc4 Be6 15. Nxd6+
Rxd6 16. Qa4 Nxe3 17. Rxe3 f6 18. h3 g5 19. Nh2 h5 20. Nf1 h4 21. Rd3 Rxd3 22. Bxd3
g4 23. Bc4 Qf7 24. Bxe6+ Qxe6 25. Qb3 Qe7 26. hxg4 h3 27. gxh3 Rxh3 28. Qg8+ Kc7
29. Ne3 Qd8 30. Nd5+ Kc8 31. Qxd8+ Kxd8 32. Kg2 Rh6 33. Rh1 Rg6 34. f3 b6 35. Rh8+
Kd7 36. Rh7+ Kd6 37. Kg3 b5 38. Rf7 Ke6 39. Rc7 Nd8 40. Rxa7 Kd6 41. Ra6+ Kc5 42.
Rxf6 Rg8 43. Ne3 b4 44. cxb4+ Kxb4 45. Rb6+ Kc5 46. Rb8 Kd4 47. Nf5+ Kd3 48. Ne7
1-0

[Event "2024 British Rapidplay Championship"]
[Site "Holiday Inn Peterborough - West"]
[Date "2024.03.02"]
[Round "4.18"]
[White "Hanache, Kai"]
[Black "Buckley, Graeme N"]
[Result "0-1"]
[WhiteFideId "490105"]
[BlackFideId "402265"]
[WhiteElo "1886"]
[BlackElo "2267"]
[EventDate "2024.03.02"]

1. e4 c5 2. Nf3 Nc6 3. d4 cxd4 4. Nxd4 Nf6 5. Nc3 d6 6. Bg5 e6 7. Bb5 Bd7 8. O-O
Be7 9. Qd2 O-O 10. Rae1 Qb6 11. Bxc6 Bxc6 12. b3 Rac8 13. Kh1 Rfd8 14. f3 Be8 15.
Nce2 Qc5 16. Be3 Qa3 17. c4 d5 18. exd5 exd5 19. Rc1 dxc4 20. Bf2 cxb3 21. axb3 Rxc1
22. Rxc1 h6 23. h3 a6 24. Qf4 Nd5 25. Qe4 Bf6 26. Qg4 Bd7 27. Qe4 Nb4 28. Bg3 Nc6
29. Nf5 Re8 30. Qg4 Bxf5 31. Qxf5 Rxe2 32. Rd1 Re8 33. Rd3 Qa1+ 34. Kh2 Be5 35. f4
Bd4 36. h4 Qg1+ 37. Kh3 Qh1+ 38. Kg4 Qxg2 39. h5 Qe2+ 40. Rf3 Qe6 0-1

[Event "2024 British Rapidplay Championship"]
[Site "Holiday Inn Peterborough - West"]
[Date "2024.03.02"]
[Round "4.19"]
[White "Herring, Sam AC"]
[Black "Bowcott-Terry, Finlay"]
[Result "0-1"]
[WhiteFideId "429767"]
[BlackFideId "449199"]
[WhiteElo "1895"]
[BlackElo "2055"]
[EventDate "2024.03.02"]

1. Nf3 e6 2. d3 d5 3. g3 Nf6 4. Bg2 c5 5. Nbd2 Be7 6. O-O O-O 7. e4 Nc6 8. Re1 b5
9. e5 Nd7 10. Nf1 Nd4 11. c4 bxc4 12. dxc4 Nxf3+ 13. Bxf3 Nb6 14. Ne3 d4 15. Bxa8
Nxa8 16. Nf1 Bb7 17. Nd2 Qc7 18. Qe2 Nb6 19. Qd3 Nd7 20. Qe2 Qc6 21. f3 Bd8 22. b4
cxb4 23. a3 Bb6 24. Kg2 b3 25. Bb2 Rd8 26. Rad1 Nc5 27. Ne4 Nxe4 28. Qxe4 Qxe4 29.
fxe4 a5 30. a4 Ba6 31. Rc1 Bc5 32. Red1 d3 33. Rc3 d2 34. Kf3 Bb4 35. Rxb3 Bxc4 36.
Re3 Bd3 37. Ba1 Bc2 38. Rxd2 Rxd2 39. g4 Bxa4 0-1

[Event "2024 British Rapidplay Championship"]
[Site "Holiday Inn Peterborough - West"]
[Date "2024.03.02"]
[Round "4.20"]
[White "Tart, Peter K"]
[Black "Martin, Lewis"]
[Result "0-1"]
[WhiteFideId "471070"]
[BlackFideId "410551"]
[WhiteElo "1987"]
[BlackElo "2192"]
[EventDate "2024.03.02"]

1. e4 c6 2. d4 d5 3. Bd3 dxe4 4. Bxe4 Nf6 5. Bf3 Bf5 6. g4 Bg6 7. h4 h5 8. g5 Nd5
9. Ne2 e6 10. a3 Nd7 11. c4 N5b6 12. Nf4 Bxb1 13. Rxb1 g6 14. Qc2 Qe7 15. O-O O-O-O
16. c5 Nd5 17. Re1 Bg7 18. Bxd5 cxd5 19. Nxd5 Qf8 20. Nb4 Bxd4 21. c6 Nc5 22. cxb7+
Kxb7 23. Be3 Qd6 24. Rbd1 e5 25. Qe2 Rd7 26. Bxd4 exd4 27. Qf3+ Kb6 28. Re2 Rhd8
29. Red2 a5 30. Rxd4 Qe6 31. Nd5+ Ka7 32. b4 Na6 33. Re4 Rxd5 34. Qe3+ Ka8 35. Rc1
Rd1+ 36. Kg2 Qd5 37. Rxd1 Qxd1 38. Qb6 Qd6 39. Qxa5 Kb7 40. Qb5+ Qb6 41. Re7+ Nc7
42. Qxb6+ Kxb6 43. Rxf7 Rd6 44. a4 Nd5 45. Kf3 Nxb4 46. Rf6 Kc6 47. Rf7 0-1

[Event "2024 British Rapidplay Championship"]
[Site "Holiday Inn Peterborough - West"]
[Date "2024.03.02"]
[Round "4.21"]
[White "Young, Daniel J"]
[Black "Shearsby, Jude"]
[Result "0-1"]
[WhiteFideId "425184"]
[BlackFideId "462527"]
[WhiteElo "1921"]
[BlackElo "2028"]
[EventDate "2024.03.02"]

1. Nf3 Nc6 2. e4 d6 3. d4 Nf6 4. Nc3 g6 5. Be2 Bg7 6. h3 O-O 7. Be3 e5 8. O-O exd4
9. Nxd4 Re8 10. Nxc6 bxc6 11. Bf3 Nd7 12. Qd2 Ne5 13. Be2 Be6 14. b3 c5 15. Rad1
Nc6 16. Nd5 Nd4 17. Ba6 c6 18. Nf4 Qb6 19. Nxe6 Rxe6 20. Bd3 Rae8 21. Rfe1 Nb5 22.
Bxb5 cxb5 23. f3 Qa6 24. c3 Qa5 25. Rc1 Qd8 26. Red1 Qe7 27. Bf4 Rd8 28. Qd5 Be5
29. Bxe5 Rxe5 30. Qc6 c4 31. b4 Qd7 32. Qxd7 Rxd7 33. Rd4 f5 34. exf5 gxf5 35. Rcd1
Re3 36. Rxd6 Rxd6 37. Rxd6 Rxc3 38. Rd8+ Kf7 39. Rd7+ Kg6 40. Rxa7 Rc1+ 41. Kf2 Rc2+
42. Kg3 Rb2 43. a3 c3 44. Ra5 c2 45. Ra6+ Kf7 46. Rc6 Ke7 47. Kf4 Kd7 48. Rc5 Ke6
49. g4 fxg4 50. hxg4 Ra2 51. Rc3 Kd5 52. Ke3 Rxa3 53. Rxa3 c1=Q+ 0-1

[Event "2024 British Rapidplay Championship"]
[Site "Holiday Inn Peterborough - West"]
[Date "2024.03.02"]
[Round "4.22"]
[White "Fava, Lorenzo"]
[Black "Hryshchenko, Kamila"]
[Result "1-0"]
[WhiteFideId "2837434"]
[BlackFideId "14147491"]
[WhiteElo "1913"]
[BlackElo "2118"]
[EventDate "2024.03.02"]

1. Nf3 d6 2. d4 g6 3. b3 Bg7 4. Bb2 Nf6 5. Nbd2 O-O 6. e3 a5 7. a3 c6 8. c4 Qc7 9.
e4 b6 10. Qc2 Nbd7 11. Rc1 Re8 12. Be2 e5 13. O-O Nh5 14. g3 Nhf6 15. Rfe1 Bb7 16.
Bf1 Rad8 17. Bg2 Qb8 18. h3 Re7 19. c5 dxc5 20. dxe5 Ne8 21. Nc4 Qc7 22. Rcd1 Ra8
23. Rd2 b5 24. Nd6 Ba6 25. Nxf7 Kxf7 26. e6+ Rxe6 27. Ng5+ Ke7 28. Nxe6 Kxe6 29.
e5 Ke7 30. e6 Ndf6 31. Qxc5+ Nd6 32. Red1 Rd8 33. Be5 Nfe8 34. Bxg7 Nxg7 35. Qg5+
Kxe6 36. Bxc6 Kf7 37. Bd5+ Kf8 38. Qf6+ Nf7 39. Bxf7 Rxd2 40. Be6+ Ke8 41. Rxd2 Qc1+
42. Kh2 Qxd2 43. Qf7+ Kd8 44. Bd5 Ne8 45. Bc6 Ng7 46. Qxg7 Qxf2+ 47. Bg2 b4 48. Qh8+
Ke7 49. Qxh7+ Qf7 50. Qh4+ Qf6 51. Qe4+ Qe6 52. Qd4 bxa3 53. Qc5+ Qd6 54. Qxa5 Bc8
55. b4 Qd3 56. Qe5+ Be6 57. Qc5+ Kf6 58. Qf8+ Bf7 59. Qh8+ Ke7 60. Qe5+ Kd7 61. b5
Qd6 62. Qg7 Ke7 63. Qa1 a2 64. Qb2 Qb6 65. Qe5+ Be6 66. Qg7+ Kd8 67. Qf6+ Kc8 68.
Bc6 Kb8 69. Qf8+ Bc8 70. Qf4+ Qc7 71. Qa4 Qa7 72. Qf4+ Qc7 73. Qd4 Be6 74. Qh8+ Bc8
75. Qd4 Bd7 76. Qh8+ Bc8 77. Qb2 Qa5 78. Qe5+ Ka7 79. Qc5+ Kb8 80. Qd6+ Qc7 81. Qd4
Bf5 82. Qh8+ Ka7 83. Qa8+ Kb6 84. Qa6+ Kc5 85. Qxa2 Qh7 86. Qd5+ Kb6 87. Qd4+ Ka5
88. Qd8+ Kb4 89. Qd2+ Kc5 90. h4 Qh5 91. Qf2+ Kd6 92. Bf3 Qh8 93. Qb6+ Kd7 94. Qc6+
Ke7 95. Qc7+ Ke6 96. Bg2 g5 97. Qc6+ Ke7 98. Qc5+ Ke6 99. Qd5+ 1-0